| 000 | 00545nam a2200193Ia 4500 | ||
|---|---|---|---|
| 005 | 20250326140924.0 | ||
| 008 | 250326s9999 xx 000 0 und d | ||
| 020 | _a0-256-22632-6 | ||
| 037 | _aTextbook | ||
| 040 |
_aFMSL _beng _cFMSL |
||
| 041 |
_aeng _2eng |
||
| 084 |
_aX:51y7 N8 _qFMSL |
||
| 100 |
_aBoyd H W & Others _9743360 |
||
| 245 | 0 |
_aMarketing management _cBoyd H W & Others |
|
| 260 |
_aNew York _bNew York, Irwin McGraw-Hill _c1998 |
||
| 300 | _axxii,547. | ||
| 942 |
_cTB _hX:51y7 N8 |
||
| 999 |
_c1287887 _d1287887 |
||